000 03556nam0a2200421 i 4500
001 RU\NLR\BIBL_A\010786110
005 20260406164129.0
010 _a9785931793979
_9500
021 _aRU
_b2015-37184
_92205
035 _a(NILC)RuMoRGB-007934394
035 _a(NLR Aleph) 010786110
090 _a10092255
_c10092255
100 _a20150622d2015 km y0rusy50 ca
101 0 _arus
102 _aRU
105 _ay|||z|||100yy
200 1 _aПроблемы модернизации российского государства и великие реформы Александра II: современный взгляд
_eсборник статей и материалов "круглых столов" кафедры теории и истории государства и права
_f[сост.: Кулаженкова Н.В., преп.
_gпод общ. ред. к.ю.н., доц. Е.Н. Селютиной]
210 _aОрел
_cИзд-во Орловского филиала РАНХиГС
_d2015
215 _a303 с.
_d20
300 _aВ надзаг.: Федер. гос. бюджет. образоват. учреждение высш. проф. образования Рос. акад. нар. хоз-ва и гос. службы при Президенте Рос. Федерации, Орл. фил.
320 _aБиблиогр. в подстроч. примеч.
327 1 _aВ кн. также: круглые столы: Правовое регулирование местного самоуправления в России: история, современность и перспективы развития (13 марта 2014 г.); Государство и право России в период Первой мировой войны (31 октября 2014 г.)
606 1 _aГосударство
_jСъезды, совещания и т.п
_xИстория
_yРоссия
_z18 - 20 вв.
_92393718
_3RU\NLR\AUTH\661427301
606 1 _aПраво
_jСъезды, совещания и т.п
_xИстория
_yРоссия
_z18 - 20 вв.
_92393715
_3RU\NLR\AUTH\661427300
610 0 _aбуржуазные реформы 60-70-х гг.
686 1 _aХ2(2)я431
702 0 _4570
_7ca
_8rus
_aАлександр
_cимператор российский
_dII
_f1818-1881
_9120289
_3RU\NLR\AUTH\7710521
702 1 _aКулаженкова
_bН. В.
_4220
702 1 _aСелютина
_bЕ. Н.
_gЕлена Николаевна
_4340
711 1 2 _a"Правовое регулирование местного самоуправления в России: история, современность и перспективы развития", "круглый стол"
_eОрел
_f2014
_9474224
_3RU\NLR\AUTH\880403597
711 1 2 _a"Государство и право России в период Первой мировой войны", "круглый стол"
_eОрел
_f2014
_9474232
_3RU\NLR\AUTH\880403601
711 1 2 _a"Проблемы модернизации российского государства и великие реформы Александра II: современный взгляд", "круглый стол"
_eОрел
_f2014
_9474234
_3RU\NLR\AUTH\880403602
801 0 _aRU
_bРГБ
_c20150519
_gRCR
801 1 _aRU
_bРГБ
_c20150519
_2rusmarc
942 _cBOOK
980 _aNBR